000 01027nam a2200217 a 4500
001 000029150
005 20240409073642.0
008 110413t1960 dr ac 000 0dspa d
040 _aDO-SdBNP
_bspa
_cBNPHU
082 _aF-RD 26
245 0 1 _aTrujillo protector de la iglesia dominicana /
_cZenón Castillo de Aza.
260 _a[Ciudad Trujillo, República Dominicana] :
_bHandicap,
_c1960.
300 _a23 p. :
_bil., retrs. ;
_c22.
505 0 _aDiscursos pronunciados el 18 de diciembre de 1960 por los párrocos de Julia Molina y Castillo y por el Reverendo Zenón Castillo de Aza en la inauguración de las iglesias, casas curiales y salones parroquiales de dichas poblaciones.
600 1 0 _aTrujillo Molina, Rafael Leónidas,
_d 1891-1961
_976764
650 4 _aIglesia católica
_zRepública Dominicana
_xHistoria
_ySIGLO XX
_912043
650 4 _aIglesia y estado en república dominicana
_xSiglo xx
_912044
700 1 2 _aCastillo de Azua, Zenón
_956058
910 _aValidado. Control de calidad EMS.
049 _aBNPD
999 _c28642
_d28642